| Tag |
First Indicator |
Second Indicator |
Subfields |
| LEADER |
00000cam a2200000Ka 4500 |
| 001 |
in00003965571 |
| 006 |
m o d |
| 007 |
cr cnu---unuuu |
| 008 |
171125s2018 gw om 000 0 eng d |
| 005 |
20250816211012.9 |
| 020 |
|
|
|a 9783658200961
|q electronic book
|
| 020 |
|
|
|a 3658200960
|q electronic book
|
| 020 |
|
|
|z 3658200952
|
| 020 |
|
|
|z 9783658200954
|
| 024 |
8 |
|
|a 99974839959
|
| 035 |
|
|
|a (NhCcYBP)ebc5149558
|
| 040 |
|
|
|a NhCcYBP
|c NhCcYBP
|d UtOrBLW
|
| 050 |
|
4 |
|a HF5415.15
|b .P37 2018
|
| 072 |
|
7 |
|a BUS
|x 082000
|2 bisacsh
|
| 072 |
|
7 |
|a BUS
|x 041000
|2 bisacsh
|
| 072 |
|
7 |
|a BUS
|x 042000
|2 bisacsh
|
| 072 |
|
7 |
|a BUS
|x 085000
|2 bisacsh
|
| 082 |
0 |
4 |
|a 658.827
|2 23
|
| 100 |
1 |
|
|a Posselt, Tim.
|
| 245 |
1 |
0 |
|a Organizational competence for servitization /
|c Tim Posselt ; with a foreword by Angela Roth and Kathrin M. Möslein.
|
| 264 |
|
1 |
|a Wiesbaden, Germany :
|b Springer Gabler,
|c [2018]
|
| 300 |
|
|
|a 1 online resource.
|
| 336 |
|
|
|a text
|b txt
|2 rdacontent
|
| 337 |
|
|
|a computer
|b c
|2 rdamedia
|
| 338 |
|
|
|a online resource
|b cr
|2 rdacarrier
|
| 490 |
1 |
|
|a Markt- und Unternehmensentwicklung. Markets and organisations
|
| 500 |
|
|
|a Description based upon print version of record.
|
| 588 |
|
|
|a Description based on online resource; title from digital title page (viewed on January 02, 2018).
|
| 500 |
|
|
|a Electronic resource.
|
| 650 |
|
0 |
|a Product management.
|0 http://id.loc.gov/authorities/subjects/sh85107203
|
| 650 |
|
0 |
|a Organizational change.
|0 http://id.loc.gov/authorities/subjects/sh85095525
|
| 650 |
|
0 |
|a Industrial management.
|0 http://id.loc.gov/authorities/subjects/sh85065889
|
| 655 |
|
7 |
|a Electronic books.
|2 local
|
| 710 |
2 |
|
|a ProQuest (Firm)
|0 http://id.loc.gov/authorities/names/n2007068018
|
| 776 |
1 |
8 |
|i Print version:
|a Posselt, Tim
|t Organizational Competence for Servitization
|d Wiesbaden : Springer Fachmedien Wiesbaden,c2017
|z 9783658200954
|
| 830 |
|
0 |
|a Gabler research.
|p Markets and organisations.
|0 http://id.loc.gov/authorities/names/no2010189692
|
| 856 |
4 |
0 |
|u https://ebookcentral.proquest.com/lib/tamucs/detail.action?docID=5149558
|y Connect to the full text of this electronic book
|t 0
|
| 955 |
|
|
|a YBP purchased firm e-records
|
| 980 |
|
|
|b 79.99
|g 1
|
| 987 |
|
|
|a ybp14994119
|
| 999 |
f |
f |
|s 5e25d4fa-7717-32ad-9f27-0bc36e66afd1
|i 819441d4-85db-3ec2-9f71-36afae968bcb
|t 0
|
| 952 |
f |
f |
|a Texas A&M University
|b College Station
|c Electronic Resources
|d Available Online
|t 0
|e HF5415.15 .P37 2018
|h Library of Congress classification
|
| 998 |
f |
f |
|a HF5415.15 .P37 2018
|t 0
|l Available Online
|